Welcome to WEB OPAC of MRSPTU Central Library

Fluid machanics and fluid power engineering :: SI units (Record no. 4914)

MARC details
000 -LEADER
fixed length control field 00388nam a2200145Ia 4500
008 - FIXED-LENGTH DATA ELEMENTS--GENERAL INFORMATION
fixed length control field 230711s9999||||xx |||||||||||||| ||und||
041 ## - LANGUAGE CODE
Language code of text/sound track or separate title ENG
082 ## - DEWEY DECIMAL CLASSIFICATION NUMBER
Classification number 620.106
Item number KU-F
100 ## - MAIN ENTRY--PERSONAL NAME
Personal name Kumar,D.S
245 #0 - TITLE STATEMENT
Title Fluid machanics and fluid power engineering :: SI units
250 ## - EDITION STATEMENT
Edition statement 6th Ed.
260 ## - PUBLICATION, DISTRIBUTION, ETC.
Date of publication, distribution, etc. 2007
Place of publication, distribution, etc. New Delhi
Name of publisher, distributor, etc. S.K Kataria & Sons
650 ## - SUBJECT ADDED ENTRY--TOPICAL TERM
Topical term or geographic name entry element Mechanical Engineering
942 ## - ADDED ENTRY ELEMENTS (KOHA)
Koha item type Book
Holdings
Withdrawn status Lost status Damaged status Not for loan Collection Home library Current library Date acquired Total checkouts Full call number Barcode Date last seen Price effective from Koha item type Date last checked out
          MRSPTU Central Library MRSPTU Central Library     620.106 KU-F 17802 08/17/2023 08/17/2023 Book  
          MRSPTU Central Library MRSPTU Central Library     620.106 KU-F 17803 08/17/2023 08/17/2023 Book  
          MRSPTU Central Library MRSPTU Central Library     620.106 KU-F 17804 08/17/2023 08/17/2023 Book  
          MRSPTU Central Library MRSPTU Central Library     620.106 KU-F 17805 08/17/2023 08/17/2023 Book  
          MRSPTU Central Library MRSPTU Central Library     620.106 KU-F 17806 08/17/2023 08/17/2023 Book  
          MRSPTU Central Library MRSPTU Central Library     620.106 KU-F 17807 08/17/2023 08/17/2023 Book  
          MRSPTU Central Library MRSPTU Central Library   1 620.106 KU-F 17808 08/12/2024 08/17/2023 Book 08/07/2024
          MRSPTU Central Library MRSPTU Central Library     620.106 KU-F 17809 08/17/2023 08/17/2023 Book  
          MRSPTU Central Library MRSPTU Central Library   1 620.106 KU-F 17810 03/28/2024 08/17/2023 Book 02/15/2024
          MRSPTU Central Library MRSPTU Central Library     620.106 KU-F 17811 08/17/2023 08/17/2023 Book  

Website Designed and Developed by MRSPTU Central Library Team

E-mail Id: librarian@mrsptu.ac.in